| 000 | 00609nam a22001937a 4500 | ||
|---|---|---|---|
| 005 | 20251108164846.0 | ||
| 008 | 250721s2009 xx 000 0 ara d | ||
| 082 | 1 | 4 | _a574.16/اعن |
| 100 | 1 |
_aاعنزة، إياد بركات _eمؤلف |
|
| 245 | 1 | 0 | _aعلوم الأحياء : التناسل الأجهزة التناسلية / |
| 264 | 1 |
_aعمان : _bدار صفاء، _c2009. |
|
| 300 | _a269ص. | ||
| 650 | 1 | 7 | _aالتناسل الجنسي |
| 650 | 1 | 7 | _aالتكاثر |
| 650 | 1 | 7 | _aالوظااف الفسيولوجيه |
| 650 | 1 | 7 | _aعلم الاحياا |
| 942 |
_2ddc _cBK |
||
| 999 |
_c16044 _d16044 |
||